Electronic Communications (Record no. 346264)

MARC details
000 -LEADER
fixed length control field 00459nam a2200181Ia 4500
008 - FIXED-LENGTH DATA ELEMENTS--GENERAL INFORMATION
fixed length control field 230718s9999 xx 000 0 und d
020 ## - INTERNATIONAL STANDARD BOOK NUMBER
International Standard Book Number 9788177585582
041 ## - LANGUAGE CODE
Language code of text/sound track or separate title eng
082 ## - DEWEY DECIMAL CLASSIFICATION NUMBER
Classification number 621.382
Item number ROD
100 ## - MAIN ENTRY--PERSONAL NAME
Personal name Roddy D.
245 ## - TITLE STATEMENT
Title Electronic Communications
250 ## - EDITION STATEMENT
Edition statement 4th ed.
260 ## - PUBLICATION, DISTRIBUTION, ETC. (IMPRINT)
Date of publication, distribution, etc. 2011
Name of publisher, distributor, etc. Pearson
300 ## - PHYSICAL DESCRIPTION
Extent 723
365 ## - TRADE PRICE
Currency code Rs.
Price amount 899.00
700 ## - ADDED ENTRY--PERSONAL NAME
Personal name Roddy D. & Coolen J.
906 ## - LOCAL DATA ELEMENT F, LDF (RLIN)
d O:0579515-Dec-2017B:493507-Dec-2017
c SE
b 7551.6
Holdings
Withdrawn status Lost status Damaged status Not for loan Home library Current library Date acquired Vendor Budget Code Cost, normal purchase price Bill number Total Checkouts Full call number Barcode Date last seen Date last checked out Discount Cost, replacement price Bill Date Koha item type Original Barcode
        Cummins College of Engineering for Women Pune Cummins College of Engineering for Women Pune 15/12/2017 Vaibhav Book House SE 647.28 4935 1 621.382 CCEP-BK-57471 03/11/2023 06/09/2023 7551.6 899.00 07/12/2017 Books 057471